000 00590nam a2200241 a 4500
001 nice12345678
003 IN_TiNIC
005 20260116011510.0
008 050524s1941 dela grp 000 0 urd
020 _a
_c5
082 0 0 _a891.4391
_bZIA1
100 _aZia Ul Qadiri, Maulana
245 _aMuraqqa-E-yadgar-e-shahadat
260 _aDelhi
_bAastana Book Depot
_c1941
300 _a192p
500 _aincludes index and biblioraphy
650 _aUrdu-Poetry
650 _aPoetry-Shia
700 1 _aZia Ul Qadiri, Maulana
902 _bSRS
942 _cBK
999 _c2066
_d2066